| 000 | 00575nam a22002057a 4500 | ||
|---|---|---|---|
| 003 | OSt | ||
| 005 | 20230925081142.0 | ||
| 008 | 150525b xxu||||| |||| 00| 0 eng d | ||
| 022 | _208502633 | ||
| 040 | _c04 | ||
| 082 | _a320 ABU 1994 | ||
| 100 |
_aAbutudu Musa I _94898 |
||
| 245 | _aThe State, Civil Society and the Democratisation Process in Nigeria | ||
| 260 |
_aAfrica : _bCodesria; _c1995. |
||
| 300 |
_a42 p : _c25 cm |
||
| 504 | _aIncludes bibliographical references and index. | ||
| 650 |
_aCivil Society _91227 |
||
| 650 |
_aDemocracy _91184 |
||
| 942 |
_2z _cSLOAN |
||
| 999 |
_c1864 _d1864 |
||